Challenges 3 : teacher's handbook /

Hlavní autor: Mugglestone, Patricia
Jazyk: Angličtina
Vydáno: Harlow : Pearson Longman, 2007
Vydání: 1st pub.
Témata:
Fyzický popis: v, 134 s. : barev. il. + sada 4 kompaktních disků CD-A 433 a 1 kompaktní disk CD-R 142
Knihy
Uloženo v:
LEADER 01477nam a2200385za 4500
001 001002383
003 CZ BrMZK
005 20240315135625.0
007 ta
008 090624s2007 enka e pf 0 eng
020 |a 9781405833165  |q (brož.) 
040 |a BOA001  |b cze 
072 7 |a 811.111  |x Angličtina  |2 Konspekt  |9 11 
072 7 |a 37.016  |x Učební osnovy. Vyučovací předměty. Učebnice  |2 Konspekt  |9 22 
080 |a 811.111  |2 MRF 
080 |a 373.3.016  |2 MRF 
080 |a 373.5.016  |2 MRF 
080 |a (07.062)81  |2 MRF 
080 |a (072)  |2 MRF 
100 1 |a Mugglestone, Patricia  |7 xx0046242  |4 aut 
245 1 0 |a Challenges 3 :  |b teacher's handbook /  |c Pat Mugglestone 
246 3 3 |a Challenges. Teacher's handbook 3 
250 |a 1st pub. 
260 |a Harlow :  |b Pearson Longman,  |c 2007 
300 |a v, 134 s. :  |b barev. il. +  |e sada 4 kompaktních disků CD-A 433 a 1 kompaktní disk CD-R 142 
650 0 7 |a angličtina  |7 ph114056  |2 czenas 
650 0 7 |a učivo základních škol  |7 ph136701  |2 czenas 
650 0 7 |a učivo středních škol  |7 ph136702  |2 czenas 
653 0 |a jazyková úroveň A2 
655 7 |a jazykové učebnice, texty, příručky (A)  |7 fd600889  |2 czenas 
655 7 |a metodické příručky  |7 fd132826  |2 czenas 
910 |a BOA001  |b AK-0004.432,3 
990 |a BK 
991 |b 200911  |y British Council Brno - Czech Republic  |z 000050974  |x 99 
996 7 |b 261E008484  |c AK-0004.432,3  |l Anglická knihovna/2.patro  |r ZHR  |n 10  |h CY 29  |w 001002383  |u 000010  |a 0  |e BOA001  |j MZK50  |s A